Estatísticas para Físico-quimíca 5

Clique aqui para jogar o quiz

Estatísticas Gerais

  • Esse quiz foi jogado 7 vezes
  • A pontuação média é 6 de 19

Estatísticas das Respostas

HintResposta% Correto
Que nome damos á distância mínima entre duas partículas na mesma fase de vibração?Comprimento de onda
83%
Que nome damos á distância máxima da onda à posição de equilíbrio?Amplitude
67%
Que nome damos ao número de vibrações por segundo!Frequência
67%
Que nome damos ao tempo que uma partícula demora a realizar uma vibração completa?Período
67%
Qual é o atributo do som que permite distinguir sons complexos com a mesma altura (frequência fundamental) e a mesma intensidade, mas com sons harmónicos diferentes?Timbre
50%
Qual é o limite máximo do limiar de dor?120
33%
Que nome damos aos sons que tem frequência inferior a 20 Hz: ?Infrassons
33%
Que nome damos aos sons que tem frequência entre 20 e 20 000 Hz?Sons audíveis
33%
Qual é o instrumento que converte um sinal elétrico para um sinal sonoro?Altifalante
17%
Qual é a unidade de medida da intensidade sonora?Decibel
17%
Qual é o instrumento que converte um sinal sonoro para um sinal elétrico?Microfone
17%
Que nome damos ás partículas que têm direção de vibração igual à direção de propagação da onda?Ondas longitudinais
17%
Que nome damos ás partículas que têm direção de vibração perpendicular à direção de propagação da onda?Ondas transversais
17%
Qual é o instrumento que cria uma representação gráfica das ondas elétricas, permitindo a sua análise.?Osciloscópio
17%
Qual é o instrumento que mede a intensidade sonora?Sonómetro
17%
Que nome damos aos sons que tem frequência superior a 20 000 Hz?Ultrassons
17%
O que representam as cristãs?Zonas de compressão
17%
O que representam os ventres?Zonas de rarefação
17%
Que nome damos ao conjunto de todos os sons (de todas as frequências possíveis)?Espreto sonoro
0%

Distribuição das Pontuações

Percentil de Números Respondidos

Porcentagem de Pessoas com Cada Pontuação

Sua Pontuação Histórica

Você não jogou esse quiz